000 00600nam a2200205 a 4500
005 20210223124901.0
008 030326s2000 mx r 000 0 spa d
020 _a8483381605
035 _aUPN01000123281
049 _aCG
050 4 _aHD6955
_bB6.7
100 1 _aBosch, Josep Lluís
245 1 0 _aSociología del trabajo /
_cJosep Lluís Bosch, Diego Torrente.
260 _aBarcelona, Esp. :
_bUniversitat de Barcelona,
_c2000.
300 _a92 p.
440 0 _aTextos docents ;
_v179
650 4 _aTRABAJO -
_xASPECTOS SOCIALES
_99038
700 1 _aTorrente, Diego,
_ecoaut.
905 _aLibro
999 _c95462
_d95462